| 000 | 01007nam a22002537a 4500 | ||
|---|---|---|---|
| 010 | _aB-230866 | ||
| 020 |
_c100.00 _a817142158 |
||
| 035 | _aB-230866 | ||
| 037 | _aCen Lib/Ret | ||
| 040 |
_aDPL _bPA |
||
| 082 |
_aਓ _bਆਸਦਿ |
||
| 100 |
_aਆਸਦਿਨ, ਜੇਨ _9122534 |
||
| 245 |
_aਕਬਜ਼ਾ ਅਤੇ ਪਹਿਚਾਨ / _cਜੇਨ ਆਸਦਿਨ ;ਅਨੁਵਾਦਕ ਅੱਛਰੁ ਸਿੰਘ |
||
| 246 |
_aPride and prejudice / _bby Jane Austen ; translated by Achhru Singh |
||
| 260 |
_aਚੰਡੀਗਢ਼ _bਲੋਕਗੀਤ ਪ੍ਰਕਾਸ਼ਨ _c2007 |
||
| 270 |
_aSCO 26-27 Sector 34 A _bਚੰਡੀਗਢ਼ _e160022 |
||
| 300 |
_a124p ; _b24cm(Hb) |
||
| 650 |
_aਸਾਹਿਤ --ਪੰਜਾਬੀ _9122535 |
||
| 650 |
_aਪੰਜਾਬੀ -- ਨਾਵਲ _9122536 |
||
| 650 |
_aliterature--Punjabi _9114104 |
||
| 650 |
_aPunjabi-- noval _9115816 |
||
| 700 |
_aਅੱਛਰੁ ਸਿੰਘ _9122537 |
||
| 942 |
_2ddc _cPN _hਓ _mਆਸਦਿ |
||
| 999 |
_c110043 _d110043 |
||